00542nam a2200157Ia 4500008004100000020001800041041000800059082001600067245007600083250000600159260004100165300001100206650001800217999001900235952013000254210716s2018 xx 000 0 und d a9788126575848 aeng a153.94 SATW aSAT: writing and language grail 2019.bWriting and language grail 2019. a1 aNew DelhibWiley India Pvt Ltdc2018 aix,315 aAptitude Test c197082d197082 001040708MCAaAIMITbAIMITeKnowledge Worldg949.00l0o153.94 SATWpMCA16597r2026-05-23 00:00:00v711.75w2021-07-16yBK